LEADER 01585nam 2200421 450 001 000010617 005 20070503173200.0 100 $a20020305d1996----km-y0itay0103----ba 101 0 $aita 102 $aIT 200 1 $a<> lessico medico del De regimine pregnantium di Michele Savonarola$fRiccardo Gualdo 200 1 $a1 $n0002457 210 $aFirenze$c<> Accademia della Crusca$d1996 215 $a327 p.$d25 cm. 225 2 $aQuaderni degli studi di lessicografia italiana$v8. 410 0$12001$aQuaderni degli studi di lessicografia italiana 600 1$aSavonarola,$bMichele$tDe regimine pregnantium 606 $aMedicina$xTerminologia$z1460 676 $a457.02$v(20. ed.)$9Medio italiano. 1300-1600 676 $a618.2$v(20. ed.)$9Ostetricia 700 1$aGualdo,$bRiccardo$0144609 801 0$aIT$bUniversità della Basilicata - B.I.A.$gRICA$2unimarc 912 $a000010617 996 $aLessico medico del De regimine pregnantium di Michele Savonarola$977056 997 $aUNIBAS BAS $aMONLET BAS $aMONOGR BAS $aLETTERE CAT $aSTD014$b01$c20020305$lBAS01$h1259 CAT $aDILEO$b20$c20020506$lBAS01$h1613 CAT $c20050601$lBAS01$h1754 CAT $abatch$b01$c20050718$lBAS01$h1050 CAT $c20050718$lBAS01$h1109 CAT $c20050718$lBAS01$h1139 CAT $c20050718$lBAS01$h1154 CAT $aBATCH$b00$c20070503$lBAS01$h1732 FMT Z30 -1$lBAS01$LBAS01$mBOOK$1BASA1$APolo Storico-Umanistico$2DSLF$BCollezione DiSLF$3DF/6338$66338$5F6338$820020305$f04$FPrestabile Didattica LEADER 01035cam a22002778i 4500 001 991003883889707536 008 200723s2016 mau sb 001 0 eng d 010 $a2020033697 020 $a9780262337595 035 $ab14403079-39ule_inst 040 $aBibl. Dip.le Aggr. Ingegneria Innovazione - Sez. Ingegneria Innovazione$beng 082 00$a006.31$223 100 1 $aAlpaydin, Ethem$0754614 245 10$aMachine learning$h[e-book] /$cEthem Alpaydin 264 1$aCambridge, Massachusetts :$bThe MIT Press,$c2016 300 $a1 online resource 490 1 $aFor dummies 504 $aIncludes bibliographical references and index 650 0$aMachine learning 650 0$aArtificial intelligence 856 40$uhttps://unisalento.medialibrary.it/media/scheda.aspx?id=150175815$zE-book available for digital lending on MLOL platform 907 $a.b14403079$b18-03-22$c17-09-20 912 $a991003883889707536 996 $aMachine learning$91756221 997 $aUNISALENTO 998 $ale026$b17-09-20$cm$d@ $e-$feng$gmau$h0$i0